Normal view
MARC view
- العراق- العصر الحديث-تاريخ
Entry Topical Term
001 - CONTROL NUMBER
- control field: 36378
003 - CONTROL NUMBER IDENTIFIER
- control field: JO-AjAnu
005 - DATE AND TIME OF LATEST TRANSACTION
- control field: 20230606080056.0
008 - FIXED-LENGTH DATA ELEMENTS
- fixed length control field: 230606|| aca||aabn | a|a d
040 ## - CATALOGING SOURCE
- Original cataloging agency: JO-AjAnu
- Transcribing agency: JO-AjAnu
150 ## - HEADING--TOPICAL TERM
- Topical term or geographic name entry element: العراق- العصر الحديث-تاريخ
670 ## - SOURCE DATA FOUND
- Source citation: Work cat.: (JO-AjAnu)18677: أحمد، كمال مظهر, author 36377, صفحات من تاريخ العراق المعاصر: دراسات تحليلية